00385 2200157 4500001002100000005001500021035002000036245004900056100003000105300001200135260003400147082000800181084001400189990001200203990001200215INLIS00000000000230220250528084515 a0010-05250005941 aAyat-Ayat Cinta /cHabiburrrahman El Shirazy0 aHabiburrrahman El Shirazy a419 hlm aJakarta :bRepublikasi,c2005 a813 a813 HAB a a0713392 a0713396